| 000 | 00416nam a2200181Ia 4500 | ||
|---|---|---|---|
| 005 | 20250603145432.0 | ||
| 008 | 250603s9999 xx 000 0 und d | ||
| 020 | _a9783296434 | ||
| 050 | _aDT 515.4 .N53/ | ||
| 100 | _aOsuntokun, Akinjide | ||
| 245 | 0 | _aNigerian peoples and cultures | |
| 260 | _aIbadan | ||
| 260 | _bDavidson Press | ||
| 260 | _c1997 | ||
| 300 | _a365 p | ||
| 650 | _aIbadan | ||
| 942 | _cBK | ||
| 999 |
_c41854 _d41854 |
||